| 000 | 01994nam2a22004091 4500 | ||
|---|---|---|---|
| 001 | rc\804620 | ||
| 005 | 20260204000000.0 | ||
| 035 | _a(NLR Aleph) 008741366 | ||
| 090 |
_a9533240 _c9533240 |
||
| 100 | _a20041129d1984 u y0rusy50 ca | ||
| 101 | 0 | _arus | |
| 102 | _aRU | ||
| 105 | _aa ||||||||| | ||
| 135 | _acrgn 008aaada | ||
| 200 | 1 | _aДрамы | |
| 210 | _d1984 | ||
| 215 | _a543 с., 9 л. ил. | ||
| 325 | _aКопия доступна в Электрон. б-ке РНБ http://vivaldi.nlr.ru/bx000030106/view | ||
| 327 | 1 | _aСодерж.: Маскарад; Испанцы; Menschen und Leidenschaften; Странный человек; Два брата | |
| 461 | 0 |
_1001rc\804617 _12001#$aСобрание сочинений$eВ 4 т.$fМ.Ю. Лермонтов$g[Вступ. ст. и коммент. И.Л. Андроникова]$vТ. 3 _1700#1$aЛермонтов$bМ. Ю.$f1814-1841$gМихаил Юрьевич$3RU\NLR\auth\77328 _99550144 _aЛермонтов, М. Ю. (поэт ; 1814-1841) _cМ. _d1983- _fМ.Ю. Лермонтов _nХудож. лит. _oВ 4 т. _tСобрание сочинений _vТ. 3 |
|
| 464 | 0 |
_12001#$aМаскарад _tМаскарад |
|
| 464 | 0 |
_12001#$aИспанцы _tИспанцы |
|
| 464 | 0 |
_12001#$aMenschen und Leidenschaften _tMenschen und Leidenschaften |
|
| 464 | 0 |
_12001#$aСтранный человек _tСтранный человек |
|
| 464 | 0 |
_12001#$aДва брата _tДва брата |
|
| 801 | 0 |
_aRU _bNLR _gpsbo |
|
| 801 | 1 |
_aRU _bELAR _2rusmarc |
|
| 801 | 2 |
_aRU _bNLR _c20050506 _2rusmarc |
|
| 852 |
_aNLR _j84-3/1719 |
||
| 856 | 0 | _uhttp://vivaldi.nlr.ru/bx000030106/view | |
| 856 | 1 | _uhttp://vivaldi.nlr.ru/bx000030106/cover | |
| 856 | 2 | _uhttp://vivaldi.nlr.ru/bx000030106/text | |
| 942 | _cBOOK | ||
| 980 | _aNB | ||
| 981 | 3 | 3 |
_a(33) Художественная литература _b(33) Отечественная литература |